Normal view
MARC view
- Solís Campos, Alicia
Entry Nombre Personal
001 - NUMERO DE CONTROL
- campo de control: 59608
003 - IDENTIFICADOR DE NUMERO DE CONTROL
- campo de control: UPN
005 - FECHA Y HORA DE LA ÜLTIMA TRANSACCIÓN
- campo de control: 20260520093830.0
008 - DATOS DE LONGITUD FIJA
- campo de control de longitud fija: 260520|| acz||aabn | a|a d
024 ## - OTROS IDENTIFICADORES NORMALIZADOS
- Fuente: orcid
- Número normalizado o código: https://orcid.org/0000-0002-6573-4633
040 ## - FUENTE DE CATALOGACIÓN
- Agencia original de catalogación: MX-MxUPN
100 1# - ENCABEZAMIENTO - NOMBRE PERSONAL
- Nombre personal: Solís Campos, Alicia
370 ## - LUGAR ASOCIADO
- Place of birth: Durango, México
372 ## - CAMPO DE ACTIVIDAD
- Field of activity: Ciencias de la educación
- Field of activity: Docencia
373 ## - GRUPO ASOCIADO
- Associated group: Universidad Juárez del Estado de Durango
374 ## - OCUPACIÓN
- Occupation: Doctora en Ciencias de la Educación
- Occupation: Profesora universitaria
670 ## - FUENTE EN LA QUE SE LOCALIZARON DATOS
- Cita de la fuente: En recurso en línea: Investigación educativa duranguense, Vol. 16 no. 25, (2025):
- Información localizada: página 55 (Alicia Solís Campos)
- Uniform Resource Identifier: https://editorialupd.mx/revistas/index.php/ined/article/view/242/296
902 ## - CATALOGADOR
- Catalogador: RGJD/200526
